Movies Quiz

Random Movies or Director Quiz
Score 0/28 Timer 07:00
0 Plays Today
Year Movie % Correct
1972The Godfather
99.5%
1974The Godfather: Part II
99.1%
1979Apocalypse Now
93%
1990The Godfather: Part III
89.9%
1974The Conversation
82.2%
1983The Outsiders
64.8%
1992Dracula
63.9%
1996Jack
63.8%
1983Rumble Fish
63.6%
1997The Rainmaker
52.8%
1986Peggy Sue Got Married
52.3%
1984The Cotton Club
48.4%
2009Tetro
48%
1982One From The Heart
46.2%
Year Movie % Correct
1968Finian's Rainbow
43.9%
1988Tucker: The Man and His Dream
42.6%
2007Youth Without Youth
42.4%
1969The Rain People
39.5%
1963Dementia 13
39.3%
1989New York Stories
34.4%
1987Gardens of Stone
32.6%
1966You're a Big Boy Now
29.7%
1986Captain EO
25.1%
1963The Terror
17.4%
2000Supernova
17.4%
1962The Bellboy and the Playgirls
15%
1962Tonight for Sure
13.8%
1960Nebo zovyot
10.6%

You're not logged in!

Compare scores with friends on all Sporcle quizzes.
OR
Log In

Sporcle TV

Today on Sporcle TV


Watch our educational content, quiz creation guides, and fun videos on Sporcle TV.

Show Comments

Extras

Top Quizzes Today


Score Distribution

Paid Content

Your Account Isn't Verified!

In order to create a playlist on Sporcle, you need to verify the email address you used during registration. Go to your Sporcle Settings to finish the process.

Report this User

Report this user for behavior that violates our Community Guidelines.

Details: